00657nam a2200193Ia 4500008004100000020001300041082001500054100002300069245004100092250000800133260004800141300002800189500001900217600002100236650005000257942000700307952013400314999001500448240925s9999 xx 000 0 und d a24154652 a004.68 STA aStallings, William 0aLocal and Metropolitan Area Networks a4th aNew York:bMacmillian Publishing Coc,1993. axvi,550p.bNAfOriginal aIncludes Index aComputer Science aComputer science, information & general works cBK 001040708CSaUITUbUITUd1995-02-09eParamount Book Pvt Ltdg410.72l0o004.68 STApQ0041r2024-09-25 07:11:54w2024-09-25yBK c2540d2540